000 00628nam a2200217 i 4500
001 bg
100 1 _aJAROSZ, Marek
_d(1928- )
245 1 0 _aElementy psychologii lekarskiej i psychopatologii ogólnej /
_cMarek Jarosz.
250 _aWyd. 2.
260 _aWarszawa :
_bPańst. Zakład Wydawnictw Lekarskich,
_c1973.
300 _a228 s. ;
_c24 cm.
504 _aBibliogr. - Indeks.
650 9 _aPsychologia lekarska
650 9 _aPsychiatria
655 _aPodręczniki akademickie
040 _cBPK
041 0 _apol
080 _a159.9:616:616.89](075.8)
942 _cKS
008 s pl f |000 0 pol
999 _c46489
_d46489
856 _uhttp://koha.tu.koszalin.pl/cgi-bin/koha/opac-detail.pl?biblionumber=46489
_yKatalog online BPK